European Alert (Record no. 118630)

MARC details
000 -LEADER
fixed length control field 00656cas a22002295a 4500
001 - CONTROL NUMBER
control field L427
008 - FIXED-LENGTH DATA ELEMENTS--GENERAL INFORMATION
fixed length control field 070608d19912005be mr p 0 a0eng
022 ## - INTERNATIONAL STANDARD SERIAL NUMBER
International Standard Serial Number 1378-2908
035 ## - SYSTEM CONTROL NUMBER
System control number (Sirsi) u99042
041 ## - LANGUAGE CODE
Language code of text/sound track or separate title eng
110 2# - MAIN ENTRY--CORPORATE NAME
Corporate name or jurisdiction name as entry element Royal Institution of Chartered Surveyors
Subordinate unit Brussels Office
9 (RLIN) 5181
240 1# - UNIFORM TITLE
Uniform title RICS European Alert
245 00 - TITLE STATEMENT
Title European Alert
260 ## - PUBLICATION, DISTRIBUTION, ETC.
Place of publication, distribution, etc. Brussels
Name of publisher, distributor, etc. RICS
Date of publication, distribution, etc. 1991-2005
362 0# - DATES OF PUBLICATION AND/OR SEQUENTIAL DESIGNATION
Dates of publication and/or sequential designation London: April 1993-July 2005
362 0# - DATES OF PUBLICATION AND/OR SEQUENTIAL DESIGNATION
Dates of publication and/or sequential designation Edinburgh: (2) October 1991-May 2005
554 ## -
-- 12 per year
651 #4 - SUBJECT ADDED ENTRY--GEOGRAPHIC NAME
Geographic name Europe
690 ## - LOCAL SUBJECT ADDED ENTRY--TOPICAL TERM (OCLC, RLIN)
Topical term or geographic name as entry element MANAGEMENT-BUSINESS MANAGEMENT-PROFESSIONAL PRACTICE
942 ## - ADDED ENTRY ELEMENTS (KOHA)
Suppress in OPAC 0
948 ## - LOCAL PROCESSING INFORMATION (OCLC); SERIES PART DESIGNATOR (RLIN)
c (OCLC) 19/02/1996
Holdings
Withdrawn status Lost status Source of classification or shelving scheme Damaged status Not for loan Home library Current library Shelving location Date acquired Total Checkouts Full call number Barcode Date last seen Copy number Price effective from Koha item type
    Other/Generic Classification Scheme     London London Gallery 20/10/2004   EA GALLERY 99042-1001 06/08/2019 1 06/08/2019 Reference material